MARC

LEADER 00000nab a2200000 a 4500
001 vtls000022670
003 SK-MaSNL
005 20260303213513.0
008 111103c1979 xo 0 slo
015 |a SNBRB19rr/mm-uuuuu 
035 |a CL0032764 
040 |a SNKBUCL  |b slo  |c SNKBUCL  |e AACR2 
041 0 |a slo 
044 |a xo  |c SK 
080 |a 82.09:82(091):885.4"19":92(048)  |2 1981 
080 |a 82(091)  |2 1981 
080 |a 885.4"19"  |2 1981 
080 |a 92(048)  |2 1981 
080 |a 885.4(091)"19"  |2 1981 
080 |a 92 Bukovčan, Ivan (048)  |2 1981 
100 1 |a Valo, Peter  |4 aut  |9 320277 
245 1 0 |a Jednotiace črty zložitej osobnosti  |c Peter Valo 
600 1 7 |a Rampák, Zoltán,  |d 1920-1998  |2 snkbucl  |9 106868 
600 1 7 |a Bukovčan, Ivan,  |d 1921-1975  |2 snkbucl  |9 123040 
650 0 7 |a dramatika slovenská  |2 snkbucl  |9 1005023 
650 0 7 |a žánre dramatické  |2 snkbucl  |9 942480 
650 0 7 |a film slovenský  |2 snkbucl  |9 853809 
650 0 7 |a filmová scenáristika  |2 snkbucl  |9 109973 
655 7 |a články z novín a časopisov  |2 snkbucl  |9 267496 
655 7 |a články z odboru literárna veda a krásna literatúra  |2 snkbucl  |9 770045 
773 0 |t Pravda  |g Roč. 60, č. 39 (15. 2. 1979), s. 5 
787 0 8 |i Rec.:  |a Rampák, Zoltán  |t Tvorba Ivana Bukovčana  |d Bratislava : Slovenský spisovateľ, 1978 
850 |a Slovenská národná knižnica v Martine  |a MTA001 
852 |a SNK  |b KIS3GCP 
958 |a RK 
958 |a LX 
992 |a RBX 
999 |c 2212439  |d 2214369